Statistics for National Team's Logos

Click here to take the quiz!

General Stats

  • This quiz has been taken 25 times
  • The average score is 14 of 16

Answer Stats

Answer% Correct
France
100%
Belgium
95%
Brazil
95%
Catar
95%
Columbia
95%
England
95%
Italy
95%
Netherlands
95%
Portugal
95%
United States
95%
Argentina
91%
Spain
91%
Croatia
82%
Ecuador
73%
Uruguay
73%
Morocco
68%

Score Distribution

Percentile by Number Answered

Percent of People with Each Score

Your Score History

You have not taken this quiz